| 000 | 00565nam a2200193Ia 4500 | ||
|---|---|---|---|
| 008 | 151119s9999||||xx |||||||||||||| ||und|| | ||
| 082 | _a891.46308महाज/यशोदा' | ||
| 082 | _bGKKV32165 | ||
| 100 | _aमहाजन छाया | ||
| 245 | _aयशोदा | ||
| 260 | _aपुणे | ||
| 260 | _bमेहता पब्लीशिग हाउस | ||
| 260 | _c2013 | ||
| 600 | _aमहाजन छाया | ||
| 630 | _aयशोदा | ||
| 700 | _aमहाजन छाया | ||
| 730 | _aयशोदा | ||
| 942 | _cBOOK | ||
| 999 |
_c1084470 _d1084467 |
||